| 000 -LEADER |
| fixed length control field |
00265nam a22000977a 4500 |
| 082 ## - DEWEY DECIMAL CLASSIFICATION NUMBER |
| Classification number |
TNC B12x43 St45 |
| 100 ## - MAIN ENTRY--PERSONAL NAME |
| Personal name |
Stern,Susan, ed. |
| 9 (RLIN) |
24088 |
| 245 ## - TITLE STATEMENT |
| Title |
Meet United Germany |
| Statement of responsibility, etc |
Edited by Susan Stern |
| 260 ## - PUBLICATION, DISTRIBUTION, ETC. (IMPRINT) |
| Place of publication, distribution, etc |
Germany |
| Name of publisher, distributor, etc |
Frankfurter Allgemeine |
| Date of publication, distribution, etc |
1991 |
| 300 ## - PHYSICAL DESCRIPTION |
| Extent |
280p. |